History - European History | 0 | 6 | 2 | 0 | 50 | 42 | 56.67 | 0 | 6 |
Literature - American Literature | 0 | 3 | 0 | 0 | 30 | 95 | 111.00 | 0 | 1 |
Science - Biology | 0 | 3 | 0 | 1 | 30 | 81 | 98.33 | 1 | 1 |
History - Other History | 0 | 3 | 1 | 1 | 25 | 66 | 97.67 | 0 | 2 |
Literature - British Literature | 0 | 2 | 0 | 0 | 20 | 117 | 125.00 | 0 | 1 |
Other | 0 | 3 | 2 | 0 | 20 | 24 | 62.67 | 1 | 2 |
Philosophy | 0 | 2 | 0 | 1 | 20 | 130 | 130.50 | 0 | 0 |
Fine Arts - Other Fine Arts | 0 | 3 | 2 | 2 | 20 | 35 | 99.67 | 0 | 1 |
Science - Other Science | 0 | 2 | 0 | 0 | 20 | 44 | 71.50 | 0 | 1 |
History - World History | 0 | 3 | 2 | 0 | 20 | 45 | 72.67 | 0 | 2 |
Social Science | 0 | 2 | 1 | 0 | 15 | 72 | 94.50 | 0 | 0 |
Mythology | 0 | 2 | 2 | 0 | 10 | 94 | 107.50 | 1 | 1 |
Literature - World Literature | 0 | 1 | 0 | 0 | 10 | 109 | 109.00 | 0 | 1 |
History - American History | 0 | 2 | 2 | 0 | 10 | 102 | 103.00 | 0 | 2 |
Literature - European Literature | 0 | 1 | 1 | 0 | 5 | 142 | 142.00 | 0 | 0 |
Religion | 0 | 2 | 4 | 0 | 0 | 64 | 80.00 | 0 | 1 |
Fine Arts - Painting & Sculpture | 0 | 0 | 1 | 0 | -5 | | 0.00 | 0 | 0 |